000
00306nam a22001217a 4500
008
230620b xxu||||| |||| 00| 0 eng d
082
_a
327.17
_b
UNI 1991
245
_a
The United Nations Disarmament Yearbook
260
_a
New York
_b
United Nations
_c
1991
300
_a
549p
440
_v
15
942
_2
ddc
_c
BK
999
_c
1927
_d
1927